01933cam a2200397 a 450000100090000000300040000900500170001300600190003000700150004900800410006402000250010503500260013004000310015604200080018705000220019506000110021708200180022810000230024621000420026924501060031125000120041726000480042949000380047750000940051550000490060950400510065850503940070950600430110365000340114665000420118070000490122270000260127177300580129783000390135585601410139410127520OSt20150408114220.0m d cr n 120817s2013 pau sb 001 0 eng d a9780323087049 (pbk.) a(WaSeSS)ssj0000780607 aDNLM/DLCcDLCdDLCdWaSeSS apcc 4aQP187b.P657 201310aWK 10200a612.4 WBE2231 aWhite, Bruce Alan.10aEndocrine and reproductive physiology10aEndocrine and reproductive physiologyh[electronic resource] /cBruce A. White, Susan P. Porterfield. a4th ed. aPhiladelphia, PA :bElsevier/Mosby,cc2013.1 aMosby physiology monograph series aRev. ed. of: Endocrine physiology / Susan P. Porterfield, Bruce A. White. 3rd. ed. c2007. aAuthors' names reversed on previous edition. aIncludes bibliographical references and index.0 aIntroduction to the endocrine system -- Endocrine function of the gastrointestinal tract -- Energy metabolism -- Calcium and phosphate homeostasis -- Hypothalamus-pituitary complex -- The thyroid gland -- The adrenal gland -- Life cycle of the male and female reproductive system -- The male reproductive system -- The female reproductive system -- Fertilization, pregnancy, and lactation. aLicense restrictions may limit access.12aEndocrine Glandsxphysiology.22aReproductive Physiological Phenomena.1 aPorterfield, Susan P.tEndocrine physiology.1 aPorterfield, Susan P. 0tScienceDirect Clinical Medicine eBook Collection 2012 0aMosby physiology monograph series.40uhttp://www.columbia.edu/cgi-bin/cul/resolve?clio10127520zFull text available from ScienceDirect Clinical Medicine eBook Collection 2012